Statistics for Guess The Horror Monster/Killer (by movie)

Click here to take the quiz!

General Stats

  • This quiz has been taken 90 times
    (78 since last reset)
  • The average score is 6 of 7

Answer Stats

Killer MovieKiller% Correct
it!pennywise
100%
nightmare on elm streetfreddy
98%
friday the 13jason
98%
child's playchucky
97%
halloweenmichael
92%
the predatorpredator
81%
alienalien
76%

Score Distribution

Percentile by Number Answered

Percent of People with Each Score

Your Score History

You have not taken this quiz since the last reset